000 00469nam a22001577a 4500
005 20240802125556.0
008 240802b |||||||| |||| 00| 0 eng d
041 _aEnglish/Afrikaans
082 _a349 NAT
100 _lEnglish/Afrikaans
245 _aSouth African Law Reports: Natal
260 _aJohannesburg:
_bDigma Publications,
_c1940
300 _bxx, 559 pages;
_c25 cm.
650 _aLegal practice
_bLaw
942 _cBK
_6ALISON_BN_VRIES
999 _c2403
_d2403